Statistiques concernant Pseudonymes de musiciens

Cliquez ici pour prendre le quiz!

Statistiques générales

  • Ce quiz a été pris 148 fois
  • Le résultat moyen est 6 sur 15

Statistiques - réponses

Vrai nomPseudonyme% Correct
Stefani GermanottaLady Gaga
66%
Edith GassionEdith Piaf
63%
Claude MoineEddy Mitchell
53%
Vanda Maria Ribeiro Furtado Tavares de VasconcelosLio
52%
Farrokh BulsaraFreddie Mercury
49%
Béatrice MartinCoeur de Pirate
42%
Florian OrdonezBigflo
36%
Georgios PanayiotouGeorge Michael
36%
Robyn FentyRihanna
34%
Abel TesfayeThe Weeknd
29%
Katheryn HudsonKaty Perry
24%
Richard StarkeyRingo Starr
24%
Aubrey GrahamDrake
22%
Sonny MooreSkrillex
15%
Raymond RobinsonRay Charles
13%

Distribution des résultats

Percentile par nombre de réponses

% des personnes avec chaque résultat

Votre développement - résultats

Vous n’avez pas pris ce quiz